|
|
|
|
| LEADER |
00000cam a2200000 7i4500 |
| 001 |
0000047712 |
| 005 |
20150524.0 |
| 008 |
150524 |
| 020 |
|
|
|a 9789380005539
|
| 090 |
0 |
0 |
|a BAU
|b ENG
|
| 100 |
1 |
|
|a Baum, L. Frank
|
| 245 |
1 |
4 |
|a The road to Oz
|c L. Frank Baum
|
| 260 |
|
|
|a New Delhi :
|b Maple Press ,
|c [s.n]
|
| 650 |
|
0 |
|a English fiction
|
| 999 |
|
|
|a 0001349869
|b Book
|c Adult Collection
|e Cawangan Bandar Tenggara
|
| 999 |
|
|
|a 0001349870
|b Book
|c Adult Collection
|e Cawangan Batu Pahat
|
| 999 |
|
|
|a 0001349872
|b Book
|c Adult Collection
|e Cawangan Sri Merlong
|
| 999 |
|
|
|a 0001349873
|b Book
|c Adult Collection
|e Cawangan Tmn. Ungku Tun Aminah
|
| 999 |
|
|
|a 0001349874
|b Book
|c Adult Collection
|e Cawangan Taman Sri Lambak
|
| 999 |
|
|
|a 0001349875
|b Book
|c Adult Collection
|e Cawangan Segamat
|
| 999 |
|
|
|a 0001349876
|b Book
|c Teenagers
|e Cawangan Bukit Gambir
|
| 999 |
|
|
|a 0001349878
|b Book
|c Adult Collection
|e Cawangan Muar
|
| 999 |
|
|
|a 0001349879
|b Book
|c Adult Collection
|e Cawangan Bandar Penawar
|
| 999 |
|
|
|a 0001349880
|b Book
|c Adult Collection
|e Cawangan Pontian
|
| 999 |
|
|
|a 0001349881
|b Book
|c Adult Collection
|e Cawangan Mersing
|
| 999 |
|
|
|a 0001351642
|b Book
|c Adult Collection
|e Perbadanan Perpustakaan Awam Johor
|